Normal view
MARC view
Entry Topical Term
001 - CONTROL NUMBER
- control field: 28963
003 - CONTROL NUMBER IDENTIFIER
- control field: ARRUPE
005 - DATE AND TIME OF LATEST TRANSACTION
- control field: 20170222144230.0
008 - FIXED-LENGTH DATA ELEMENTS
- fixed length control field: 170222|| aca||aabn | a|a d
040 ## - CATALOGING SOURCE
- Original cataloging agency: ARRUPE
- Transcribing agency: ARRUPE
150 ## - HEADING--TOPICAL TERM
- Topical term or geographic name as entry element: Botany
- General subdivision: Dictionaries
- General subdivision: Bantu
670 ## - SOURCE DATA FOUND
- Source citation: Work cat.: (ARRUPE): Wild, Hiram 10919, A Southern Rhodesia botanical dictionary of Native and English plant names, 1952